000346593 001__ 346593
000346593 005__ 20231010195900.0
000346593 022__ $$a2956-3402$$l2956-3402
000346593 0247_ $$2ZDBID$$aPERI:(DE-600)3141018-2
000346593 0247_ $$2ZDBPPN$$aZDPPN:1274256003
000346593 0247_ $$2EZBID$$aPERI:(DE-606)492789
000346593 0247_ $$2doi$$a10.57125/FED
000346593 0247_ $$2OCLC$$aOCLC:1368971202
000346593 035__ $$aPERI:(DE-600)3141018-2
000346593 040__ $$a0355$$bger$$cDE-101$$dJOIN²$$eJOIN² journal identification
000346593 041__ $$aeng
000346593 044__ $$cXA-PL
000346593 082__ $$223sdnb$$a370$$qDE-600
000346593 08274 $$223sdnb$$a370$$qDE-600
000346593 24220 $$2DE-600$$aFuturity education$$yen
000346593 24220 $$2DE-600$$aFuturity education
000346593 245__ $$2DE-600$$aFuturity education$$honline
000346593 2463_ $$2DE-600$$aFuturity education
000346593 2463_ $$aFuturity education
000346593 260__ $$aŁódź$$bFundacja Futurity Research Publishing$$c[2021]-
000346593 2607_ $$2DOAJ$$aPoland$$bFuturity Research Publishing$$d2023-02-03T12:02:19Z
000346593 26431 $$aŁódź$$bFundacja Futurity Research Publishing$$c[2021]-
000346593 3620_ $$2DE-600$$aVol. 1, no. 1 (2021)-
000346593 36301 $$2DE-600$$81.1\x$$a1$$b1$$i2021
000346593 380__ $$2marcgt$$ajournal
000346593 500__ $$aAutomatically generated record. (Updated: 2023-08-26)
000346593 65310 $$2EZB-Subject$$aPädagogik
000346593 65310 $$2EZB-Keyword$$aAllgemeine Pädagogik
000346593 65310 $$2DOAJ$$aeducation$$d2023-02-03T12:02:19Z
000346593 65310 $$2DOAJ$$ateaching$$d2023-02-03T12:02:19Z
000346593 65310 $$2DOAJ$$aEducation: Education (General)$$d2023-02-03T12:02:19Z
000346593 8564_ $$d0$$uhttp://ezb.uni-regensburg.de/3141018$$yEZB
000346593 8564_ $$d0$$uhttps://doi.org/10.57125/FED$$yResolving-System
000346593 8564_ $$d0$$uhttps://futurity-education.com/index.php/fed/Evaulation$$yReview process
000346593 8564_ $$d0$$uhttps://futurity-education.com/index.php/fed/about$$yScope
000346593 8564_ $$d0$$uhttps://futurity-education.com/index.php/fed/about/editorialTeam$$yEditorial board
000346593 8564_ $$d0$$uhttps://futurity-education.com/index.php/fed/charges$$yAPC information
000346593 8564_ $$d0$$uhttps://futurity-education.com/index.php/fed/guidlines$$yInstructions for Authors
000346593 8564_ $$d0$$uhttps://futurity-education.com/index.php/fed/index$$yVerlag = kostenfrei
000346593 85672 $$2RSS$$uhttps://futurity-education.com/index.php/fed/gateway/plugin/WebFeedGatewayPlugin/rss2$$yCurrent Articles / Preprints
000346593 8801_ $$2DE-600$$aFuturity education
000346593 909CO $$ooai:juser.fz-juelich.de:1016433$$pauthority:PERI$$pauthority
000346593 909CO $$ooai:juser.fz-juelich.de:1016433
000346593 915__ $$0StatID:(DE-HGF)0501$$2StatID$$aDBCoverage$$bDOAJ Seal$$d2023-02-03T12:02:19Z
000346593 915__ $$0StatID:(DE-HGF)0500$$2StatID$$aDBCoverage$$bDOAJ$$d2023-02-03T12:02:19Z
000346593 915__ $$0StatID:(DE-HGF)0030$$2StatID$$aPeer Review$$bDOAJ : Double anonymous peer review$$d2023-02-03T12:02:19Z
000346593 915__ $$0LIC:(DE-HGF)CCBYNV$$2V:(DE-HGF)$$aCreative Commons Attribution CC BY (No Version)$$bDOAJ$$d2023-02-03T12:02:19Z
000346593 980__ $$aPERI
000346593 980__ $$aAUTHORITY